ইয়াসিন আরাফাত : (Record no. 11088)
[ view plain ]
| 000 -LEADER | |
|---|---|
| fixed length control field | 01032nam a2200265 a 4500 |
| 001 - CONTROL NUMBER | |
| JCCL Control Number | 11088 |
| 003 - CONTROL NUMBER IDENTIFIER | |
| JCCL marc code | BD-JhCC |
| 005 - DATE AND TIME OF LATEST TRANSACTION | |
| control field | 20210923134021.0 |
| 008 - FIXED-LENGTH DATA ELEMENTS--GENERAL INFORMATION | |
| fixed length control field | 190628b 2018bg |||| ||a| 000 0 ben d |
| 020 ## - INTERNATIONAL STANDARD BOOK NUMBER | |
| International Standard Book Number | 9789845033190 |
| 035 ## - SYSTEM CONTROL NUMBER | |
| system control number | (BD-JhCC)11088 |
| 040 ## - CATALOGING SOURCE | |
| Original cataloging agency | BD-JhCC |
| Modifying agency | BD-JhCC |
| 041 ## - LANGUAGE CODE | |
| Language code of Book | ben |
| 082 ## - DEWEY DECIMAL CLASSIFICATION NUMBER | |
| Classification number | 923 |
| Author mark and Year | RUB 2018 |
| 100 ## - MAIN ENTRY--PERSONAL NAME | |
| Personal name | রুবিন, ব্যারি |
| 245 ## - TITLE STATEMENT | |
| Title | ইয়াসিন আরাফাত : |
| Remainder of title | অ্যা পলিটিক্যাল বায়োগ্রাফি / |
| Statement of responsibility, etc | রুবিন ব্যারি, জুডিথ কল্প রুবিন, অনুবাদক হাসান বায়োজিদ |
| 260 ## - PUBLICATION, DISTRIBUTION, ETC. (IMPRINT) | |
| Place of publication, distribution, etc | ঢাকা: |
| Name of publisher, distributor, etc | অন্যধারা; |
| Date of publication, distribution, etc | ২০১৮. |
| 300 ## - PHYSICAL DESCRIPTION | |
| Pagination | ৩৭৬ পৃঃ . : |
| Dimensions | ২২ সেমি. |
| 600 ## - SUBJECT ADDED ENTRY--PERSONAL NAME | |
| Personal name | Arafat, Yasir |
| Dates associated with a name | 1929-2004 |
| 650 ## - SUBJECT ADDED ENTRY--TOPICAL TERM | |
| Topical term or geographic name as entry element | Biography |
| 700 ## - ADDED ENTRY--PERSONAL NAME | |
| Personal name | রুবিন, জুডিথ কল্প |
| 700 ## - ADDED ENTRY--PERSONAL NAME | |
| Personal name | বায়োজিদ, হাসান |
| 942 ## - ADDED ENTRY ELEMENTS (KOHA) | |
| Source of classification or shelving scheme | Dewey Decimal Classification |
| Koha item type | Books |
| Koha issues (borrowed), all copies | 6 |
| Source of classification or shelving scheme | Damaged status | Not for loan | Home library | Current library | Shelving location | Cost, normal purchase price | Total Checkouts | Full call number | Barcode | Date last seen | Date checked out | Copy number | Koha item type |
|---|---|---|---|---|---|---|---|---|---|---|---|---|---|
| Dewey Decimal Classification | JCC Rouf Library | JCC Rouf Library | General Stacks | 500.00 | 3 | 923 RUB 2018 | 15149 | 09/27/2021 | 09/22/2021 | C-1 | Books |